Statistics for Badly Drawn Russian Federal Subjects

Click here to take the quiz!

General Stats

  • This quiz has been taken 170 times
  • The average score is 5 of 8

Answers on the Map

Answers color-coded by a green-red scale on the quiz's map according to % correct below.
 

Answer Stats

Federal Subject% Correct
Krasnoyarsk
80%
Kaliningrad
76%
Kamchatka
66%
Buryatia
56%
Irkutsk
56%
Kirov
43%
Orenburg
43%
Murmansk
36%

Score Distribution

Percentile by Number Answered

Percent of People with Each Score

Your Score History

You have not taken this quiz